| 000 | 00704nam a22002177a 4500 | ||
|---|---|---|---|
| 003 | NALT | ||
| 005 | 20240426104536.0 | ||
| 006 | a|||p|r|||| 00| 0 | ||
| 007 | ta | ||
| 008 | 240426b th |||p| |||| 00| 0 tha d | ||
| 040 | _aNALT | ||
| 245 | 0 | 0 | _acornell Law Review |
| 260 | _aCornell University Ithaca, New York 14853 | ||
| 310 | _aรายสะดวก | ||
| 500 | _acornell Law Review ทดแทนวารสาร OXFORD JOURNAL OF LEGAL STUDIES ที่ไม่ได้รับในปี ค.ศ. 2023 | ||
| 650 | 0 |
_aLaw _zUnited States _950994 |
|
| 850 | _aNALT | ||
| 866 | _aVol. 108 No.4 (May 2023) | ||
| 942 |
_2local _cJNR _s1 |
||
| 996 |
_ajintana.i _bSERSTF _c2024-04-26 |
||
| 999 |
_c105123 _d105123 |
||
| 998 |
_j755 _k จินตนา เอี่ยมคง |
||